000 00384nam a2200169Ia 4500
003 OSt
005 20240503125334.0
008 170619s9999 xx 000 0 und d
020 _a9788131201411
040 _cIIMT ENGINEERING COLLEGE
100 _aBlyth FGH
245 2 _aA Geology For Engineers
260 _bElsevier
260 _c2006
546 _aENGLISH
942 _2ddc
_c01
999 _c18342
_d18342